|
|
|
|
| LEADER |
00905nab a2200181 i 4500 |
| 001 |
univ69643 |
| 005 |
20240326131722.0 |
| 008 |
240326s2024 hu o 0|| hun d |
| 040 |
|
|
|a SZTE UnivHistória Repozitórium
|b hun
|
| 041 |
|
|
|a hun
|
| 245 |
0 |
0 |
|a Ismét Szegeden szűrtek ki egy SMA-beteget
|h [elektronikus dokumentum]
|
| 260 |
|
|
|c 2024-03-25
|
| 300 |
|
|
|a 5
|
| 490 |
0 |
|
|a Délmagyarország
|v 114 No. 72
|
| 561 |
|
|
|a Egyetemi hirarchívum
|
| 695 |
|
|
|a Szent-Györgyi Albert Klinikai Központ - SZAKK, Gyermekgyógyászati Klinika - Anyagcsere-betegségek Szűrővizsgálati Laboratóriuma, Betegellátás - újszülöttek - gerincvelői izomsorvadás - SMA-szűrés, Állami támogatás - Nemzeti Egészségbiztosítási Alapkezelő
|
| 856 |
4 |
0 |
|u http://univ.bibl.u-szeged.hu/69643/1/Ismet_imedias3.pdf
|z Dokumentum-elérés
|
| 856 |
4 |
0 |
|u http://univ.bibl.u-szeged.hu/69643/2/Ismet_14153548.pdf
|z Dokumentum-elérés
|